Memoirs of an infantry officer / (Record no. 552045)
[ view plain ]
| 000 -LEADER | |
|---|---|
| fixed length control field | 00614cam a22001691i 4500 |
| 082 ## - DEWEY DECIMAL CLASSIFICATION NUMBER | |
| Classification number | 355.0092 |
| Author Mark | MEM |
| -- | D |
| 100 1# - MAIN ENTRY--PERSONAL NAME | |
| Personal name | Sassoon, Siegfried, |
| 9 (RLIN) | 49235 |
| 245 10 - TITLE STATEMENT | |
| Title | Memoirs of an infantry officer / |
| Statement of responsibility, etc. | by the author of Memoirs of a fox-hunting man. |
| 260 ## - PUBLICATION, DISTRIBUTION, ETC. | |
| Place of publication, distribution, etc. | London : |
| Name of publisher, distributor, etc. | Faber & Faber Limited, 24 Russell Square, |
| Date of publication, distribution, etc. | MCMXXX. |
| 300 ## - PHYSICAL DESCRIPTION | |
| Extent | 3 p.l., 7-334 p., 1 l. ; |
| Dimensions | 20 cm. |
| 500 ## - GENERAL NOTE | |
| General note | Publisher's device as colophon. |
| 500 ## - GENERAL NOTE | |
| General note | The David Magee Collection of Edwardian Literature. |
| 526 ## - STUDY PROGRAM INFORMATION NOTE | |
| Program name | 0 |
| Interest level | 0 |
| Reading level | 0 |
| Title point value | 355_009200000000000_MEM |
| 650 #0 - SUBJECT ADDED ENTRY--TOPICAL TERM | |
| Topical term or geographic name entry element | MCE |
| 9 (RLIN) | 379 |
| 650 #0 - SUBJECT ADDED ENTRY--TOPICAL TERM | |
| Topical term or geographic name entry element | World War, 1914-1918 |
| 9 (RLIN) | 28173 |
| 942 ## - ADDED ENTRY ELEMENTS (KOHA) | |
| Source of classification or shelving scheme | |
| Koha item type | Book |
| Withdrawn status | Lost status | Source of classification or shelving scheme | Damaged status | Not for loan | Permanent Location | Current Location | Shelving location | Date acquired | Total Checkouts | Full call number | Barcode | Date last seen | Price effective from | Koha item type |
|---|---|---|---|---|---|---|---|---|---|---|---|---|---|---|
| Military College of Engineering (MCE) | Military College of Engineering (MCE) | 01/06/2015 | 355.0092 MEM | MCE-ECM/133 | 01/06/2015 | 01/06/2015 | Book |
